000 00518nam a22001817a 4500
005 20251108164759.0
008 250721s1998 xx 000 0 ara d
082 1 4 _a811.9565/محا
100 1 _aمحادين، خالد
245 1 0 _aلم يبق من الوقت الا أنت /
264 1 _aعمان :
_bأمانة عمان الكبرى،
_c1998.
300 _a160ص.
650 1 7 _aالشعر العربي
650 1 7 _aالعصر الحديث
650 1 7 _aالأردن
942 _2ddc
_cBK
999 _c14191
_d14191